Numery kierunkowe państw europejskich - Statystyki

Ogólne statystyki
  • Ten quiz został rozwiązany 89 razy
    27 od ostatniego zresetowania
  • Średni wynik to 15 z 45
Statystyki odpowiedzi
Wskazówka Odpowiedź % Poprawnych
Polska +48
100%
Niemcy +49
85%
Wielka Brytania +44
54%
Rosja +7
54%
Holandia +31
46%
Francja +33
46%
Hiszpania +34
46%
Czechy +420
46%
Szwecja +46
46%
Norwegia +47
46%
Grecja +30
38%
Litwa +370
38%
Łotwa +371
38%
Estonia +372
38%
Ukraina +380
38%
Dania +45
38%
Belgia +32
31%
Portugalia +351
31%
Irlandia +353
31%
Islandia +354
31%
Włochy +39
31%
Szwajcaria +41
31%
Luksemburg +352
23%
Albania +355
23%
Malta +356
23%
Finlandia +358
23%
Bułgaria +359
23%
Węgry +36
23%
Mołdawia +373
23%
Białoruś +375
23%
Andora +376
23%
Monako +377
23%
San Marino +378
23%
Serbia +381
23%
Czarnogóra +382
23%
Kosowo +383
23%
Chorwacja +385
23%
Słowenia +386
23%
Bośnia i Hercegowina +387
23%
Macedonia Północna +389
23%
Rumunia +40
23%
Słowacja +421
23%
Liechtenstein +423
23%
Austria +43
23%
Watykan +379
15%
Nie znaleziono quizów pasujących do podanych kryteriów
Rozkład punktacji
Procent ludzi z każdym wynikiem
Percentyl według liczby udzielonych odpowiedzi
Twoja historia wyników
Nie rozwiązałeś tego quizu od ostatniego zresetowania